<?xml version="1.0" encoding="UTF-8"?>
<collection xmlns="http://www.loc.gov/MARC21/slim">
    <record>
        <controlfield tag="001">57760</controlfield>
        <controlfield tag="005">20161213122924.0</controlfield>
        <datafield tag="024" ind1="8" ind2=" ">
            <subfield code="2">sideral</subfield>
            <subfield code="a">96949</subfield>
        </datafield>
        <datafield tag="037" ind1=" " ind2=" ">
            <subfield code="a">ART-2015-96949</subfield>
        </datafield>
        <datafield tag="041" ind1=" " ind2=" ">
            <subfield code="a">spa</subfield>
        </datafield>
        <datafield tag="100" ind1=" " ind2=" ">
            <subfield code="a">Pérez González, Javier</subfield>
        </datafield>
        <datafield tag="245" ind1=" " ind2=" ">
            <subfield code="a">Motivos de consumo de programas taurinos en televisión</subfield>
        </datafield>
        <datafield tag="260" ind1=" " ind2=" ">
            <subfield code="c">2015</subfield>
        </datafield>
        <datafield tag="506" ind1="0" ind2=" ">
            <subfield code="a">Access copy available to the general public</subfield>
            <subfield code="f">Unrestricted</subfield>
        </datafield>
        <datafield tag="520" ind1="3" ind2=" ">
            <subfield code="a">Este artículo de investigación pretende analizar los principales argumentos por los que un sector de la audiencia televisiva en España se interesa por el visionado de la programación de contenido taurino. También intenta examinar las motivaciones de aquellos televidentes que no siguen esta temática, así como profundizar en los argumentos de su rechazo o falta de interés. Con objeto de examinar estas razones, hemos utilizado como técnica de análisis cualitativo los grupos de discusión. De esta forma, conoceremos los motivos por los cuales un segmento de público selecciona para su consumo este tipo de contenidos. Además, la técnica cualitativa de los grupos de discusión nos permitirá profundizar en unos cuantos casos específicos y particulares para llegar a conocer el porqué de estas acciones. Por tanto, mediante el análisis del discurso de varios casos investigaremos los motivos principales por los que una parte de la sociedad española decide ver o no este tipo de programas.</subfield>
        </datafield>
        <datafield tag="540" ind1=" " ind2=" ">
            <subfield code="9">info:eu-repo/semantics/openAccess</subfield>
            <subfield code="a">All rights reserved</subfield>
            <subfield code="u">http://www.europeana.eu/rights/rr-f/</subfield>
        </datafield>
        <datafield tag="655" ind1=" " ind2="4">
            <subfield code="a">info:eu-repo/semantics/article</subfield>
            <subfield code="v">info:eu-repo/semantics/publishedVersion</subfield>
        </datafield>
        <datafield tag="700" ind1=" " ind2=" ">
            <subfield code="0">(orcid)0000-0002-0004-1094</subfield>
            <subfield code="a">Marta Lazo, Carmen María</subfield>
            <subfield code="u">Universidad de Zaragoza</subfield>
        </datafield>
        <datafield tag="710" ind1="2" ind2=" ">
            <subfield code="1">3010</subfield>
            <subfield code="2">105</subfield>
            <subfield code="a">Universidad de Zaragoza</subfield>
            <subfield code="b">Departamento de Lingüística General e Hispánica</subfield>
            <subfield code="c">Comunicación Audiovisual y Publicidad</subfield>
        </datafield>
        <datafield tag="773" ind1=" " ind2=" ">
            <subfield code="g">35 (2015), 34-52</subfield>
            <subfield code="p">Rev. cienc. inf.</subfield>
            <subfield code="t">Revista de Ciencias de la Información</subfield>
            <subfield code="x">0213-070X</subfield>
        </datafield>
        <datafield tag="856" ind1="4" ind2="1">
            <subfield code="u">http://www.revistaccinformacion.net/ARTICULOS/num35a29.htm</subfield>
            <subfield code="z">Texto completo de la revista</subfield>
        </datafield>
        <datafield tag="856" ind1="4" ind2=" ">
            <subfield code="s">125429</subfield>
            <subfield code="u">http://zaguan.unizar.es/record/57760/files/texto_completo.pdf</subfield>
            <subfield code="y">Versión publicada</subfield>
        </datafield>
        <datafield tag="856" ind1="4" ind2=" ">
            <subfield code="s">109663</subfield>
            <subfield code="u">http://zaguan.unizar.es/record/57760/files/texto_completo.jpg?subformat=icon</subfield>
            <subfield code="x">icon</subfield>
            <subfield code="y">Versión publicada</subfield>
        </datafield>
        <datafield tag="909" ind1="C" ind2="O">
            <subfield code="o">oai:zaguan.unizar.es:57760</subfield>
            <subfield code="p">articulos</subfield>
            <subfield code="p">driver</subfield>
        </datafield>
        <datafield tag="951" ind1=" " ind2=" ">
            <subfield code="a">2016-12-12-13:47:32</subfield>
        </datafield>
        <datafield tag="980" ind1=" " ind2=" ">
            <subfield code="a">ARTICLE</subfield>
        </datafield>
    </record>

    
</collection>